000 00574nam a22001577a 4500
003 OSt
005 20151104142647.0
008 151104b xxu||||| |||| 00| 0 eng d
040 _cRUA
082 _aFOR SOK 1996 B123 Or.1
100 _93343
_aSOK, VONG.
245 _aContribution of watershed classification in tamao area, វិភាគទាននៃការរៀបចំចំណាត់ថ្នាក់ទីជំរាលនៅតំបន់ភ្នំតាម៉ៅ
260 _aPhnom Penh
_bRUA
_c29cm.
300 _a69cm.
_bill.
_c29cm.
942 _2ddc
_cFIS
999 _c3116
_d3116